|
|
|
|
| LEADER |
00000nam a2200000 a 4500 |
| 001 |
vtls008294501 |
| 003 |
SK-MaSNL |
| 005 |
20260302003506.0 |
| 008 |
240315s2002 xo g 000 0 slo |
| 020 |
|
|
|a 8089007201
|q (brož.)
|
| 040 |
|
|
|a SNK
|b slo
|c SNK
|e AACR2
|
| 072 |
|
7 |
|a 27-4
|x Praktická teológia. Morálna teológia
|2 konspekt
|
| 080 |
|
|
|a 27-428-242.6
|2 MDT-MRF
|
| 080 |
|
|
|a 27-23/-24
|2 MDT-MRF
|
| 080 |
|
|
|a 27-277.2
|2 MDT-MRF
|
| 100 |
1 |
|
|a Takáč, František
|4 aut
|9 13857
|
| 245 |
1 |
0 |
|a 12 x nad Desatorom
|b príhovory s témou o Desiatich Božích prikázaniach pre život
|c František Takáč
|
| 246 |
3 |
|
|a Dvanásťkrát nad Desatorom
|
| 250 |
|
|
|a [1. vyd.]
|
| 260 |
|
|
|a Prešov
|b Petra
|c 2002
|
| 300 |
|
|
|a 47 s.
|c 21 cm
|
| 630 |
0 |
7 |
|a Biblia
|2 SNKPH
|9 17043
|
| 650 |
0 |
7 |
|a Desatoro
|2 SNKPH
|9 1925
|
| 650 |
0 |
7 |
|a biblické citáty
|2 SNKPH
|9 1914
|
| 655 |
|
7 |
|a výklady
|2 SNKPH
|9 29178
|
| 655 |
|
7 |
|a brožúry
|2 SNKPH
|9 70146
|
| 919 |
|
|
|a 80-89007-20-1
|
| 958 |
|
|
|a OND
|
| 999 |
|
|
|c 992213
|d 994143
|
| 952 |
|
|
|a SNK
|b SNK
|y VYP
|7 0
|p 17A0482093
|o snkSC 121029 D1
|i snk2005/14330
|8 0
|0 0
|1 0
|4 0
|d 2005-08-16
|l 0
|r 2026-02-24 11:53:11
|w 2026-02-24
|
| 952 |
|
|
|a SNK
|b SNK
|y PREZ
|7 0
|p 17A0482092
|o snkSC 121029
|i snk2005/14328
|8 1
|0 0
|1 0
|4 0
|d 2005-08-16
|l 0
|r 2025-05-30 00:00:00
|w 2026-02-24
|